| 000 | 00771cab a2200253 4500 | ||
|---|---|---|---|
| 001 | WB3001-29 | ||
| 008 | 090401t1994 xxu||||| |||| 00| 0 eng d | ||
| 035 | _a(Sirsi) u42046 | ||
| 041 | _aeng | ||
| 245 | _aSo who will make the next move? | ||
| 260 | _c1994 | ||
| 350 | _a0 | ||
| 490 |
_aIndependent _v1 January 1994, 40(3) |
||
| 520 | _aPredictions from residential estate agents on the housing market in 1994. Graph illustrates regional house price differentials. | ||
| 650 | _aAFFORDABILITY RATIO | ||
| 650 | _aFORECASTS | ||
| 650 | _aHOUSE PRICES | ||
| 650 | _aHOUSING MARKET | ||
| 650 | _aREGIONAL | ||
| 650 | _aRESIDENTIAL ESTATE AGENTS | ||
| 690 | _aPROPERTY-RESIDENTIAL PROPERTY-RESIDENTIAL PROPERTY MARKET | ||
| 942 | _n0 | ||
| 948 | _c04/03/1997 | ||
| 999 |
_c27008 _d27008 |
||